Значението на Моцарт за нашето време (Запис номер 106962)
[ съкратено ]
| 000 -Лидер | |
|---|---|
| Контролно поле с фиксирана дължина | 01720nam a2200421 c 4500 |
| 003 - Код на организацията, давaща контролен номер | |
| Контролно поле | BLK |
| 005 - Дата и час на последна редакция | |
| Контролно поле | 20241005005450.0 |
| 008 - Елементи от данни с фиксирана дължина | |
| fixed length control field | 180409b bul|||||r ||||||| ||bul|| |
| 010 ## - Наследен системен номер | |
| LC control number | KNG00112235000 |
| 040 ## - Източник на каталожния запис | |
| Идентификатор на билиотеката - собственик на записа | BLK |
| 041 ## - Код за език | |
| Код за езика на текст/звукозапис или на отделно заглавие | Български |
| Код за езика КДБФ | Български |
| 080 ## - УДК | |
| Текстов определител УДК | Музиканти-творци, композитори |
| УДК код - определител по УДК | 78.071.1 |
| УДК определител | (436)(092) |
| УДК - код + определител | 78.071.1(436)(092) |
| 080 ## - УДК | |
| Текстов определител УДК | Австрийски композитор |
| УДК код - определител по УДК | 929 Моцарт, Волфганг Амадеус |
| УДК - код + определител | 929 Моцарт, Волфганг Амадеус |
| 100 1# - Редна дума - Автор | |
| Автор | Григ, Едвард |
| Авторска отговорност | първи автор |
| R(LIN) | 310752 |
| 139 ## - Редно поле | |
| Редна дума | Григ, Едвард |
| Авторски знак | Мот - М 93 |
| 245 10 - Сведения за заглавието | |
| Заглавие | Значението на Моцарт за нашето време |
| Редно поле (дума) | Едвард Григ; прев. от рус. Лазар Младенов. |
| 257 ## - Страна на издаване | |
| Страна на създаване/издаване | Норвегия |
| 260 ## - Област на издателските данни | |
| Име на издателя, разпространителя и проч. | Наука и изкуство |
| Година на издаване | 1960 |
| Място на издаване, разпространение и проч. | София |
| 300 ## - Физическа характеристика | |
| Страници | 20 с., 1 л. портр. |
| Размери/Мащаб | 17 см |
| 380 ## - Жанр | |
| Жанр | Изкуство |
| 490 1# - СЕРИИ (Колекции) | |
| Име на серия | В помощ на слушателя |
| №: серия | № 42 |
| 600 #0 - Име на лице, използвано като предмет | |
| За него / За нея | Моцарт, Волфганг Амадеус |
| Свързани дати | 1756 - 1791 |
| 9 (RLIN) | 368558 |
| 650 #4 - Допълнително описание по предмет – тема | |
| Основно описание – тема или топоним | Композитори, австрийски |
| 9 (RLIN) | 248548 |
| 650 #4 - Допълнително описание по предмет – тема | |
| Основно описание – тема или топоним | Композитори - биографии |
| 9 (RLIN) | 246095 |
| 651 #4 - Допълнително описание по предмет - топоним | |
| Географско понятие | Австрия |
| 9 (RLIN) | 245450 |
| 653 ## - Ключова дума – ненормативна | |
| Ключова дума | Волфганг Амадеус Моцарт |
| 653 ## - Ключова дума – ненормативна | |
| Ключова дума | композитори |
| 653 ## - Ключова дума – ненормативна | |
| Ключова дума | Австрия |
| 653 ## - Ключова дума – ненормативна | |
| Ключова дума | биографии |
| 700 1# - Други автори (авторска отговорност) | |
| Лично име | Младенов, Лазар |
| Автороска отговорност (Описва отношението между автора и произведението) | прев. от рус. |
| 9 (RLIN) | 367242 |
| 852 ## - Местоположение | |
| Форматна сигнатура | Цб І 3935 |
| 856 4# - Електронен адрес и достъп | |
| Електронен формат | pdf - файл |
| 856 4# - Електронен адрес и достъп | |
| Електронен формат | pdf - файл |
| 999 ## - СИСТЕМНИ КОНТРОЛНИ НОМЕРА | |
| Koha biblionumber | 106962 |
| Koha biblioitemnumber | 106962 |
| 942 ## - АРТИКУЛИ | |
| Вид на библиотечния материал | Книги |
| Скрит в OPAC | Не |
| Периодичен библиозапис | Да |
| 944 ## - СЪЗДАВАНЕ И РЕДАКЦИЯ на ЗАПИСА | |
| Създаване/Редакция | Създаване |
| Дата на регистрацията/редакция | 13.04.2004 |
| Служител, извършил регистрацията/редакцията | |
| Статус, дата на статуса | CRON CRON |
| 944 ## - СЪЗДАВАНЕ И РЕДАКЦИЯ на ЗАПИСА | |
| Създаване/Редакция | Редакция |
| Дата на регистрацията/редакция | 30.03.2018 |
| Служител, извършил регистрацията/редакцията | Ирена_Линкова |
| 999 ## - СИСТЕМНИ КОНТРОЛНИ НОМЕРА | |
| Koha biblioitemnumber | 106962 |
| Код за отписване | Код за изгубен артикул | Източник на класификационната схема | Код за повреда | Коз за рестрикции | Код за отдаване | Артикулен № | Име на библиотеката - собственик | Име на библиотеката, в която се намира в момента | Статус (Текущо местоположение) | Дата на вписване в системата | Местоположение - отдел | Цена в лева | Инвентарен номер | Систематично азбучна сигнатура | Баркод | Номер на екземпляра | Цена в евро | Служебна бележка | Служебен тип на артикула |
|---|---|---|---|---|---|---|---|---|---|---|---|---|---|---|---|---|---|---|---|
| Не е изгубен | Universal Decimal Classification | Не е повреден | само за читалня | ползва се в читалня | 172725 | Регионална библиотека "Любен Каравелов" Русе | Регионална библиотека "Любен Каравелов" Русе | Хранилище | 2004-04-13 | Основен фонд - ползва се само за читалня | 2.00 | 120000684448 | Цб І 3935 | 120000684448 | 1 | 1.02 | Дост: DA Вид: А N: 11 Дата: 08.04.2004 | Книги | |
| Не е изгубен | Universal Decimal Classification | Не е повреден | без рестрикции | ползва се в читалня | 172726 | Регионална библиотека "Любен Каравелов" Русе | Регионална библиотека "Любен Каравелов" Русе | Хранилище | 1960-01-01 | Хранилище | 0.04 | 673/61 | Цб І 3935 | 900000031624 | 2 | 0.02 | Дост: Dp Вид: Д N: стар фонд Дата: 01.01.1960 | Книги | |
| Изтеглен | Не е изгубен | Universal Decimal Classification | Не е повреден | без рестрикции | ползва се в читалня | 172727 | Регионална библиотека "Любен Каравелов" Русе | Регионална библиотека "Любен Каравелов" Русе | Хранилище | 1960-01-01 | Основен фонд - ползва се само за читалня | 0.40 | 4320/61 | Цб І 3935 | 4320/61 | 3 | 0.20 | Дост: Pk Вид: Ф N: стар фонд Дата: 01.01.1960 Дата инв: 20.06.2012 Бележки инв: * | Книги |
| Изтеглен | Не е изгубен | Не е повреден | без рестрикции | заемане за дома | 172728 | Регионална библиотека "Любен Каравелов" Русе | Регионална библиотека "Любен Каравелов" Русе | Отчислена | 1960-01-01 | Отдел Изкуство - подръчен фонд | 0.00 | 4321/61 | ИП 78.071.1(092)/М 93 | 4321/61 | 4 | 0.00 | Дост: Pk Вид: Ф N: стар фонд Дата: 01.01.1960 | Книги | |
| Изтеглен | Не е изгубен | Universal Decimal Classification | Не е повреден | без рестрикции | ползва се в читалня | 172729 | Регионална библиотека "Любен Каравелов" Русе | Регионална библиотека "Любен Каравелов" Русе | Хранилище | 1960-01-01 | Основен фонд - ползва се само за читалня | 0.40 | 4322/61 | Цб І 3935 | 4322/61 | 5 | 0.20 | Дост: Pk Вид: Ф N: стар фонд Дата: 01.01.1960 Дата инв: 03.04.2017 Бележки инв: ИП2017 | Книги |